000 00605nam a2200217 i 4500
001 C2-0172137
003 PPAK
005 20180728094111.0
008 980902s1974 si |||| ||||| | eng d
040 _aPPAK
_beng
_cPPAK
_erda
082 0 4 _a899.231
_2 23
090 0 0 _a899.231
_bCOM
_dKIH
245 0 4 _aThe complete poems of Chairil Anwar
264 1 _aSingapore :
_bUniversity Education Press ,
_c1974
300 _av, 132 pages ;
_c18 cm
336 _2rdacontent
_atext
337 _2rdamedia
_aunmediated
338 _2rdacarrier
_avolume
700 1 _aLiaw, Yock Fang,
_eeditor
942 _ddc
_cB
999 _c155035
_d155035